Dopasuj miasto do przepływającej przez nie rzekę - Statystyki

Ogólne statystyki
  • Ten quiz został rozwiązany 22 razy
    21 od ostatniego zresetowania
  • Średni wynik to 10 z 18
Statystyki odpowiedzi
Poziom Łatwy Odpowiedź % Poprawnych
Warszawa Wisła
100%
Wiedeń Dunaj
95%
Wrocław Odra
95%
Londyn Tamiza
95%
Kijów Dniepr
84%
Kair Nil
84%
Paryż Sekwana
84%
Wołgograd Wołga
74%
Moskwa Moskwa
68%
Praga Wełtawa
68%
Bagdad Tygrys
58%
Waszyngton Potomak
47%
Oborniki Warta
26%
Dziarny Iławka
11%
Swornegacie Brga
5%
Cork Lee
5%
Canberra Molongo
5%
Sydney Parramatta
0%
Nie znaleziono quizów pasujących do podanych kryteriów
Rozkład punktacji
Procent ludzi z każdym wynikiem
Percentyl według liczby udzielonych odpowiedzi
Twoja historia wyników
Nie rozwiązałeś tego quizu od ostatniego zresetowania